000 00486pab a2200181 454500
008 180718b2005 xxu||||| |||| 00| 0 eng d
100 _aCarey, Sophia
245 _aLand, labour and politics: social insurance in post-war Ireland
260 _c2005
300 _ap.303-11.
362 _aJul
650 _aLabour - Ireland
650 _aLand - Ireland
650 _aSocial security - Ireland
650 _aSocial security
773 _aSocial Policy and Society
909 _a66648
999 _c66648
_d66648